ბათუმის შოთა რუსთაველის სახელმწიფო უნივერსიტეტის ბიბლიოთეკა

Tnglish Dictionary:A cjmprehensive guide to the English Language for home, office and school (ბიბ.ჩანაწერი № 46566)

000 -LEADER
fixed length control field 00574nam a2200193Ia 4500
001 - CONTROL NUMBER
control field 13405
003 - CONTROL NUMBER IDENTIFIER
control field GE_BSU
008 - FIXED-LENGTH DATA ELEMENTS--GENERAL INFORMATION
fixed length control field 181216s||||||||xx |||||||||||||| ||und||
020 ## - INTERNATIONAL STANDARD BOOK NUMBER
International Standard Book Number 9781858307800
040 ## - CATALOGING SOURCE
Transcribing agency GE_BSU
080 ## - UNIVERSAL DECIMAL CLASSIFICATION NUMBER
Universal Decimal Classification number 821.111(038)
245 ## - TITLE STATEMENT
Title Tnglish Dictionary:A cjmprehensive guide to the English Language for home, office and school
260 ## - PUBLICATION, DISTRIBUTION, ETC.
Place of publication, distribution, etc. London
260 ## - PUBLICATION, DISTRIBUTION, ETC.
Name of publisher, distributor, etc. Printed in Hungary
260 ## - PUBLICATION, DISTRIBUTION, ETC.
Date of publication, distribution, etc. 1999
300 ## - PHYSICAL DESCRIPTION
Extent 351p.ill.20cm.
653 ## - INDEX TERM--UNCONTROLLED
Uncontrolled term Tnglish Dictionary:A cjmprehensive guide to the English Language for home, office and school
942 ## - ADDED ENTRY ELEMENTS (KOHA)
Koha item type წიგნი
ეგზემპლარები
Withdrawn status Lost status Damaged status Not for loan Date acquired Barcode Date last seen Price effective from Koha item type
        2018-12-17 36850 2018-12-17 2018-12-17 წიგნი